00325nam a2200109Ia 4500008004100000020001400041040002900055050002600084100002000110245005700130260002800187230104s9999||||xx |||||||||||||| ||und|| a834004267 cChuka University Library aREF BS 185 bN45 1985 aNelson, Thomas  4aThe holy bible:Containing the old and new testaments aNPCbPhiladelphiac1985